|
|
|
|
| LEADER |
02499nam a22004695i 4500 |
| 001 |
978-1-4939-2017-4 |
| 003 |
DE-He213 |
| 005 |
20151204141919.0 |
| 007 |
cr nn 008mamaa |
| 008 |
141204s2015 xxu| s |||| 0|eng d |
| 020 |
|
|
|a 9781493920174
|9 978-1-4939-2017-4
|
| 024 |
7 |
|
|a 10.1007/978-1-4939-2017-4
|2 doi
|
| 040 |
|
|
|d GrThAP
|
| 050 |
|
4 |
|a RJ1-570
|
| 072 |
|
7 |
|a MJW
|2 bicssc
|
| 072 |
|
7 |
|a MED069000
|2 bisacsh
|
| 082 |
0 |
4 |
|a 618.92
|2 23
|
| 100 |
1 |
|
|a Donn, MD, Steven M.
|e author.
|
| 245 |
1 |
0 |
|a Neonatal Pulmonary Graphics
|h [electronic resource] :
|b A Clinical Pocket Atlas /
|c by Steven M. Donn, MD, Mark C. Mammel, MD.
|
| 264 |
|
1 |
|a New York, NY :
|b Springer New York :
|b Imprint: Springer,
|c 2015.
|
| 300 |
|
|
|a XV, 175 p. 96 illus., 74 illus. in color.
|b online resource.
|
| 336 |
|
|
|a text
|b txt
|2 rdacontent
|
| 337 |
|
|
|a computer
|b c
|2 rdamedia
|
| 338 |
|
|
|a online resource
|b cr
|2 rdacarrier
|
| 347 |
|
|
|a text file
|b PDF
|2 rda
|
| 505 |
0 |
|
|a 1. Principles of Pulmonary Graphics -- 2. Intro to Waveforms -- 3. Flow Waveform -- 4. Pressure Waveform Description Normal Abnormal Overshoot Plateau -- 5. Volume Waveform -- 6. Changes in Ventilator Settings and Alterations in Scalar Tracings -- 7. Pressure-Volume Loop -- 8. Flow-Volume Loop -- 9. Trend screens -- 10. Clinical scenarios -- 11. Quiz.
|
| 520 |
|
|
|a This pocket atlas explains how to use pulmonary graphics as a valuable adjunct for patient management. Actual patterns commonly encountered in neonatal practice are presented side-by-side with schematic illustrations that take apart the graphic and identify its key features, accompanied by brief explanatory text. The book addresses the principles of real-time pulmonary graphics, discusses waveforms and loops, and examines how both are affected by mechanical ventilation and disease states. A series of clinical cases brings key points to life. .
|
| 650 |
|
0 |
|a Medicine.
|
| 650 |
|
0 |
|a Critical care medicine.
|
| 650 |
|
0 |
|a Respiratory organs
|x Diseases.
|
| 650 |
|
0 |
|a Pediatrics.
|
| 650 |
1 |
4 |
|a Medicine & Public Health.
|
| 650 |
2 |
4 |
|a Pediatrics.
|
| 650 |
2 |
4 |
|a Intensive / Critical Care Medicine.
|
| 650 |
2 |
4 |
|a Pneumology/Respiratory System.
|
| 700 |
1 |
|
|a Mammel, MD, Mark C.
|e author.
|
| 710 |
2 |
|
|a SpringerLink (Online service)
|
| 773 |
0 |
|
|t Springer eBooks
|
| 776 |
0 |
8 |
|i Printed edition:
|z 9781493920167
|
| 856 |
4 |
0 |
|u http://dx.doi.org/10.1007/978-1-4939-2017-4
|z Full Text via HEAL-Link
|
| 912 |
|
|
|a ZDB-2-SME
|
| 950 |
|
|
|a Medicine (Springer-11650)
|